Despidos y suspensiones (Registro nro. 3489)

Detalles MARC
000 -LEADER
fixed length control field 01253 a2200229 4500
001 - CONTROL NUMBER
control field 41384
005 - DATE AND TIME OF LATEST TRANSACTION
control field 20260407155708.0
008 - FIXED-LENGTH DATA ELEMENTS--GENERAL INFORMATION
fixed length control field 260407a1994 arg spa d
003 - CONTROL NUMBER IDENTIFIER
control field AR-UNSa-BCEJYS
040 ## - CATALOGING SOURCE
Original cataloging agency AR-UNSa-BCEJYS
Language of cataloging spa
Transcribing agency AR-UNSa-BCEJYS
080 ## - UNIVERSAL DECIMAL CLASSIFICATION NUMBER
Universal Decimal Classification number 349.22
Common auxiliary subdivision Relaciones contractuales. Condiciones de empleo (Negociación colectiva...)
020 ## - INTERNATIONAL STANDARD BOOK NUMBER
International Standard Book Number 950-739-284-X
041 ## - LANGUAGE CODE
Language code of text/sound track or separate title spa
100 1# - MAIN ENTRY--PERSONAL NAME
Personal name Caubet, Amanda Beatriz
245 10 - TITLE STATEMENT
Title Despidos y suspensiones
Name of part/section of a work más de 1000 casos prácticos
264 #1 - PRODUCTION, PUBLICATION, DISTRIBUTION, MANUFACTURE, AND COPYRIGHT NOTICE
Place of production, publication, distribution, manufacture Buenos Aires :
Name of producer, publisher, distributor, manufacturer Errepar
Date of production, publication, distribution, manufacture, or copyright notice 1994
300 ## - PHYSICAL DESCRIPTION
Extent xxviii, 618 p.
Dimensions 27 cm.
505 ## - FORMATTED CONTENTS NOTE
Formatted contents note 1. Terminación del contrato - 2. El despido con preaviso - 3. Despido con justa causa - 4. Injurias - 5. Despidos en contratos especiales (a plazo fijo, de temporada y eventual) - 6. Despido en la ley de empleo - 7.Despido del representante gremial - 8. Despido por maternidad, y por matrimonio - 9. Despido durante el servicio militar - 10. Despido por quiebra - 11. Despido por falta de trabajo y por fuerza mayor - 12. Renuncia - 13. Suspensiones - 14. Otras formas de terminación del contrato. Deberes de las partes - 15.Indemnizaciones -
590 ## - LOCAL NOTE (RLIN)
Local note niveau_biblio:m niveau_hierar:0
700 1# - ADDED ENTRY--PERSONAL NAME
Personal name Fernández Madrid, Juan Carlos
942 ## - ADDED ENTRY ELEMENTS (KOHA)
Koha item type
Existencias
Withdrawn status Lost status Damaged status Not for loan Home library Current library Shelving location Date acquired Total checkouts Full call number Barcode Date last seen Price effective from Koha item type
        Biblioteca Prof. Eusebio Cleto del Rey Biblioteca Prof. Eusebio Cleto del Rey   07/04/2026   349.22 F362 L119100 07/04/2026 07/04/2026 Libro